[Event "RSA-ch"]
[Site "Cape Town"]
[Date "2009.12.01"]
[Round "6"]
[White "Cawdery, Daniel"]
[Black "Ophoff, Jacques"]
[Result "1/2-1/2"]
[WhiteElo "2281"]
[BlackElo "2273"]
[PlyCount "46"]
[EventDate "2009.11.27"]
[EventType "tourn"]
[EventRounds "11"]
[EventCountry "RSA"]
[EventCategory "1"]
[SourceTitle "EXT 2011"]
[Source "ChessBase"]
[SourceDate "2010.11.26"]
[SourceVersion "1"]
[SourceVersionDate "2010.11.26"]
[SourceQuality "1"]

1. e4 d5 2. exd5 Qxd5 3. Nc3 Qe5+ 4. Be2 c6 5. d4 Qc7 6. Nf3 Bf5 7. Ne5 Nd7 8. Bf4 Nxe5 9. Bxe5 Qa5 10. Qd2 Nf6 11. b4 Qd8 12. b5 e6 13. bxc6 bxc6 14. Bf3 Rc8 15. 0-0 Bb4 16. Qe3 0-0 17. a3 Ba5 18. Ne4 Nd5 19. Qb3 f6 20. Bg3 Bxe4 21. Bxe4 Kh8 22. Bf3 Re8 23. Rfd1 Qb6 1/2-1/2

[Event "Commonwealth-ch"]
[Site "Nagpur"]
[Date "2008.09.28"]
[Round "1"]
[White "Prajapati, Malhar"]
[Black "Ophoff, Jacques"]
[Result "0-1"]
[WhiteElo "1598"]
[BlackElo "2275"]
[PlyCount "92"]
[EventDate "2008.09.28"]
[EventType "swiss"]
[EventRounds "11"]
[EventCountry "IND"]
[SourceTitle "CBM 126 Extra"]
[Source "ChessBase"]
[SourceDate "2008.11.05"]
[SourceVersion "1"]
[SourceVersionDate "2008.11.05"]
[SourceQuality "1"]

1. e4 c5 2. Nf3 d6 3. d4 cxd4 4. Nxd4 Nf6 5. Nc3 a6 6. Be3 e5 7. Nb3 Be6 8. f3 Be7 9. Qd2 0-0 10. g4 d5 11. exd5 Nxd5 12. 0-0-0 Nxe3 13. Qxe3 Bg5 14. Rxd8 Bxe3+ 15. Rd2 Rd8 16. Bd3 Nc6 17. Kb1 Bxd2 18. Nxd2 Nb4 19. h4 Nxd3 20. cxd3 Rxd3 21. Kc2 Rad8 22. Rd1 f5 23. g5 e4 24. fxe4 fxe4 25. Ncxe4 Bf5 26. Re1 Rxd2+ 27. Kc1 Bxe4 28. Rxe4 Rh2 29. a3 Kf7 30. Rb4 Rd7 31. a4 Kg6 32. a5 Kh5 33. b3 Rf7 34. Rd4 Rf1+ 35. Rd1 Rxd1+ 36. Kxd1 Kxh4 37. b4 Kxg5 38. b5 axb5 39. a6 bxa6 40. Ke1 Kf4 41. Kf1 Ke3 42. Kg1 Ra2 43. Kh1 Kf3 44. Kg1 h6 45. Kh1 Kg3 46. Kg1 Ra1# 0-1

[Event "RSA-ch"]
[Site "Milnerton"]
[Date "2007.12.19"]
[Round "8"]
[White "Ophoff, Jacques"]
[Black "Van den Heever, Donovan"]
[Result "0-1"]
[WhiteElo "2260"]
[BlackElo "2202"]
[PlyCount "64"]
[EventDate "2007.12.14"]
[EventType "tourn"]
[EventRounds "11"]
[EventCountry "RSA"]
[SourceTitle "CBM 121 Extra"]
[Source "ChessBase"]
[SourceDate "2008.01.10"]
[SourceVersion "1"]
[SourceVersionDate "2008.01.10"]
[SourceQuality "1"]

1. d4 d5 2. c4 dxc4 3. Nf3 Nf6 4. e3 e6 5. Bxc4 c5 6. 0-0 a6 7. a4 Nc6 8. Qe2 cxd4 9. Rd1 Be7 10. exd4 0-0 11. Nc3 Nd5 12. Ne5 Nxc3 13. bxc3 Nxe5 14. dxe5 Qc7 15. Bd3 Rd8 16. h4 Bd7 17. Bg5 Bxg5 18. hxg5 Qxc3 19. Rac1 Qa5 20. Bxh7+ Kxh7 21. Rd4 Kg8 22. Rh4 g6 23. Qe3 Bxa4 24. Qe4 Rd1+ 25. Rxd1 Bxd1 26. Rh6 Qd8 27. f3 Bxf3 28. gxf3 Qd1+ 29. Kg2 Rc8 30. Qb4 Rc2+ 31. Kg3 Qg1+ 32. Kf4 Qc1+ 0-1

[Event "RSA-ch"]
[Site "Milnerton"]
[Date "2007.12.15"]
[Round "3"]
[White "Solomon, Kenny"]
[Black "Ophoff, Jacques"]
[Result "1/2-1/2"]
[WhiteElo "2332"]
[BlackElo "2260"]
[PlyCount "132"]
[EventDate "2007.12.14"]
[EventType "tourn"]
[EventRounds "11"]
[EventCountry "RSA"]
[SourceTitle "CBM 121 Extra"]
[Source "ChessBase"]
[SourceDate "2008.01.10"]
[SourceVersion "1"]
[SourceVersionDate "2008.01.10"]
[SourceQuality "1"]

1. Nf3 d5 2. d4 Nf6 3. c4 c6 4. Nc3 a6 5. c5 Nbd7 6. Bf4 Nh5 7. Bg5 h6 8. Bd2 Nhf6 9. Bf4 Nh5 10. Be5 Nxe5 11. Nxe5 Nf6 12. Qc2 g6 13. e3 Bf5 14. Bd3 Bxd3 15. Qxd3 Bg7 16. 0-0 0-0 17. Na4 Qc7 18. Nb6 Rad8 19. f3 Kh7 20. b4 Ne8 21. f4 Nf6 22. Nf3 Nd7 23. Nxd7 Qxd7 24. a4 f6 25. Nh4 Qg4 26. g3 e5 27. f5 g5 28. Ng2 Rfe8 29. Qd1 Qh3 30. Ra2 Rd7 31. b5 axb5 32. axb5 exd4 33. bxc6 bxc6 34. exd4 Re4 35. Qa4 Rc7 36. Qa8 Qh5 37. Qd8 Qf7 38. Ra8 Rxd4 39. Re1 Re4 40. Rxe4 dxe4 41. Ne3 Ra7 42. Rxa7 Qxa7 43. Qd6 Qa3 44. Kf2 Qb2+ 45. Kg1 Qc1+ 46. Kf2 Qh1 47. Ng2 Qxh2 48. Qe7 e3+ 49. Qxe3 Bf8 50. Qd4 Qh5 51. Qd7+ Kg8 52. Qxc6 Qf7 53. Ne3 Qa2+ 54. Kf3 h5 55. Qd5+ Qxd5+ 56. Nxd5 Bxc5 57. Nxf6+ Kf7 58. Nxh5 Ba3 59. Ke4 Bb2 60. g4 Ba3 61. Ng3 Bb2 62. Kd5 Bc1 63. Ne4 Bf4 64. f6 Bh2 65. Kd4 Bb8 66. Kc5 Be5 1/2-1/2

[Event "RSA-ch"]
[Site "Milnerton"]
[Date "2007.12.14"]
[Round "1"]
[White "Gluckman, David"]
[Black "Ophoff, Jacques"]
[Result "0-1"]
[WhiteElo "2306"]
[BlackElo "2260"]
[PlyCount "124"]
[EventDate "2007.12.14"]
[EventType "tourn"]
[EventRounds "11"]
[EventCountry "RSA"]
[SourceTitle "CBM 121 Extra"]
[Source "ChessBase"]
[SourceDate "2008.01.10"]
[SourceVersion "1"]
[SourceVersionDate "2008.01.10"]
[SourceQuality "1"]

1. Nf3 d5 2. g3 Nf6 3. Bg2 c6 4. 0-0 Bg4 5. c4 e6 6. d3 Be7 7. h3 Bh5 8. g4 Bg6 9. cxd5 exd5 10. Ne5 Nbd7 11. Nxg6 hxg6 12. e4 dxe4 13. dxe4 Qc7 14. Nc3 Rd8 15. Qe2 Nc5 16. e5 Nfd7 17. f4 0-0 18. Be3 g5 19. fxg5 Qxe5 20. Rf5 Qe6 21. b4 Na6 22. b5 Nb4 23. a3 Nc2 24. Qxc2 Qxe3+ 25. Kh1 g6 26. Rff1 Qxg5 27. bxc6 bxc6 28. Ne4 Qh4 29. Qxc6 Ne5 30. Qc7 Nxg4 31. Rf4 f5 32. Qc4+ Kh8 33. Raf1 Qh6 34. Qe6 Rde8 35. Nd6 Bxd6 36. Qxd6 Nf6 37. Qc7 Qg7 38. Rh4+ Nh5 39. Qxg7+ Kxg7 40. Rb1 Rf7 41. Rhb4 Re3 42. a4 Kf6 43. Kg1 Rfe7 44. Bf1 Ng3 45. R1b3 Nxf1 46. Kxf1 Re1+ 47. Kf2 R7e2+ 48. Kf3 Rh2 49. Rh4 Kg5 50. Rh7 Reh1 51. Rbb7 Rxh3+ 52. Rxh3 Rxh3+ 53. Kg2 Ra3 54. Rxa7 Kg4 55. a5 Ra2+ 56. Kf1 Kf3 57. Ke1 g5 58. a6 g4 59. Rf7 f4 60. a7 g3 61. Rb7 Ra1+ 62. Kd2 g2 0-1

[Event "IECG C1.2000.0.00285"]
[Site "IECG email"]
[Date "2000.05.28"]
[Round "?"]
[White "Campbell, Samuel"]
[Black "Ophoff, Jacques"]
[Result "1-0"]
[WhiteElo "1832"]
[BlackElo "2100"]
[PlyCount "91"]
[EventDate "2000.05.28"]
[EventType "tourn (corr)"]
[EventRounds "6"]
[SourceTitle "Corr 2008"]
[Source "ChessBase"]
[SourceDate "2008.06.24"]
[SourceVersion "1"]
[SourceVersionDate "2008.06.24"]
[SourceQuality "1"]

1. d4 d5 2. c4 c6 3. Nf3 Nf6 4. Nc3 dxc4 5. a4 Bf5 6. Ne5 e6 7. f3 Bb4 8. e4 Bxe4 9. fxe4 Nxe4 10. Bd2 Qxd4 11. Nxe4 Qxe4+ 12. Qe2 Bxd2+ 13. Kxd2 Qd5+ 14. Kc2 Na6 15. Nxc4 0-0 16. Qe5 Rfd8 17. Be2 f6 18. Qxd5 cxd5 19. Na5 Rac8+ 20. Kb1 Nb4 21. Nxb7 Rd7 22. Na5 d4 23. Bc4 Kf7 24. Re1 Nd5 25. Ra3 Ne3 26. Raxe3 dxe3 27. Rxe3 Rd6 28. b4 f5 29. Kc2 Kf6 30. Rd3 Rxd3 31. Kxd3 e5 32. b5 Rd8+ 33. Kc3 Rd7 34. Nc6 e4 35. a5 e3 36. a6 Rc7 37. Kd4 f4 38. Ke4 g5 39. g3 fxg3 40. hxg3 h5 41. Kxe3 h4 42. gxh4 gxh4 43. Bf1 Kg5 44. Nxa7 Rf7 45. Bg2 Re7+ 46. Kf2 1-0

[Event "IECG C1.2000.0.00285"]
[Site "IECG email"]
[Date "2000.05.28"]
[Round "?"]
[White "Ophoff, Jacques"]
[Black "Kresz, Laszlo"]
[Result "0-1"]
[WhiteElo "2100"]
[BlackElo "1910"]
[PlyCount "100"]
[EventDate "2000.05.28"]
[EventType "tourn (corr)"]
[EventRounds "6"]
[SourceTitle "Corr 2008"]
[Source "ChessBase"]
[SourceDate "2008.06.24"]
[SourceVersion "1"]
[SourceVersionDate "2008.06.24"]
[SourceQuality "1"]

1. e4 e6 2. d4 d5 3. e5 c5 4. c3 Nc6 5. Nf3 Qb6 6. a3 c4 7. Nbd2 Na5 8. Be2 Bd7 9. 0-0 Ne7 10. Rb1 h6 11. Re1 g5 12. Nf1 Ng6 13. Be3 Be7 14. N3d2 0-0-0 15. Ng3 Kb8 16. b3 cxb3 17. c4 Bxa3 18. c5 Qc7 19. Rxb3 Nxb3 20. Qxb3 Bxc5 21. Rc1 Qb6 22. Rxc5 Qxb3 23. Nxb3 Ba4 24. Na1 Nf4 25. Bf1 Rc8 26. Ra5 Bd1 27. f3 Rc6 28. Bxf4 gxf4 29. Nh5 Rb6 30. Nxf4 Rb4 31. Kf2 Rxd4 32. Ke3 Ra4 33. Rxa4 Bxa4 34. Ne2 Rc8 35. Kd2 Bb5 36. Nc2 Bc4 37. Ne3 b5 38. Nd4 b4 39. Bd3 Bxd3 40. Kxd3 a5 41. Nec2 Kc7 42. f4 Kb6 43. f5 exf5 44. Ne3 a4 45. Nxd5+ Kc5 46. Ne7 Re8 47. Nexf5 Rxe5 48. g4 Rd5 49. h4 a3 50. Ke4 a2 0-1

[Event "IECG C1.2000.0.00285"]
[Site "IECG email"]
[Date "2000.05.28"]
[Round "?"]
[White "Ophoff, Jacques"]
[Black "Rossello Padron, Carlos Eduardo"]
[Result "1-0"]
[WhiteElo "2100"]
[BlackElo "2034"]
[PlyCount "71"]
[EventDate "2000.05.28"]
[EventType "tourn (corr)"]
[EventRounds "6"]
[SourceTitle "Corr 2008"]
[Source "ChessBase"]
[SourceDate "2008.06.24"]
[SourceVersion "1"]
[SourceVersionDate "2008.06.24"]
[SourceQuality "1"]

1. e4 c5 2. Nc3 Nc6 3. g3 g6 4. Bg2 Bg7 5. d3 d6 6. Be3 b5 7. Qd2 b4 8. Nd1 Rb8 9. Ne2 e5 10. f4 Nge7 11. 0-0 Qc7 12. fxe5 Nxe5 13. Bh6 0-0 14. Bxg7 Kxg7 15. Ne3 Be6 16. Nf4 Qd7 17. c3 f5 18. d4 bxc3 19. bxc3 Nc4 20. Nxc4 Bxc4 21. Rfe1 Qb5 22. e5 Qb6 23. exd6 Qxd6 24. Qe3 Rfe8 25. dxc5 Qa6 26. Qd4+ Kf7 27. Re3 h6 28. Qd7 Qc8 29. Qd6 Qd8 30. Bf1 Qxd6 31. Bxc4+ Nd5 32. Bxd5+ Kg7 33. cxd6 Rxe3 34. Rd1 Rxc3 35. d7 Re3 36. Ne6+ 1-0

[Event "IECG C1.2000.0.00285"]
[Site "IECG email"]
[Date "2000.05.28"]
[Round "?"]
[White "Ophoff, Jacques"]
[Black "Vercammen, Robert"]
[Result "1-0"]
[WhiteElo "2100"]
[BlackElo "2030"]
[PlyCount "45"]
[EventDate "2000.05.28"]
[EventType "tourn (corr)"]
[EventRounds "6"]
[SourceTitle "Corr 2008"]
[Source "ChessBase"]
[SourceDate "2008.06.24"]
[SourceVersion "1"]
[SourceVersionDate "2008.06.24"]
[SourceQuality "1"]

1. e4 c5 2. Nc3 Nc6 3. g3 g6 4. Bg2 Bg7 5. d3 d6 6. Be3 Rb8 7. Qd2 b5 8. Nge2 Nd4 9. 0-0 b4 10. Nd1 e6 11. Nc1 Qa5 12. c3 bxc3 13. bxc3 Nc6 14. Ne2 Ba6 15. f4 Nge7 16. f5 gxf5 17. exf5 exf5 18. Bh6 Be5 19. Ne3 Nd4 20. Rac1 Nxe2+ 21. Qxe2 Qa3 22. Nxf5 Rb2 23. Qf3 1-0